| 000 | 00887nam a22002537a 4500 | ||
|---|---|---|---|
| 001 | ENG-90261 | ||
| 003 | dpl | ||
| 005 | 20080603121855.0 | ||
| 008 | 080603t xxu||||| |||| 00| 0 eng d | ||
| 010 | _aENG-90261 | ||
| 020 | _c80.00 | ||
| 035 | _aEN-73794 | ||
| 037 | _bDBAD / PUB | ||
| 040 |
_aDPL _bEN |
||
| 082 | _a133.5 | ||
| 245 |
_aPractical astrology / _ccompiled by K. Hariharan [and] K.S. Krishnamurti |
||
| 260 |
_aChennai _bKrishnamurti Publications _c2001 |
||
| 270 |
_aF-21A. First Floor, Spencer Plaza, 769, Anna Salai, _bChennai _e600002 |
||
| 300 |
_a152p. _c25 cm (pbk) |
||
| 700 | _aHariharan, K. | ||
| 700 | _aKrishnamurti, K.S. | ||
| 942 |
_2ddc _cEN _h133.5 _mPRA |
||
| 999 |
_c13213 _d13213 |
||